000 00335nam a2200145Ia 4500
001 R-308
003 CODICE-MESSINA
005 20260212102450.0
008 260211s9999 xx 000 0 und d
040 _cimportazione_messina
100 _aProust
245 0 _aUn Amore Di Swann
260 _bGarzanti Per Tutti
942 _2ddc
_cBK
999 _c26792
_d26792